| 000 -CABECERA |
| fixed length control field |
00982nam a22002177a 4500 |
| 003 - IDENTIFICADOR DEL NÚMERO DE CONTROL |
| control field |
AR-CdUCM |
| 008 - DATOS DE LONGITUD FIJA--INFORMACIÓN GENERAL |
| fixed length control field |
190402b ||||| |||| 00| 0 spa d |
| 040 ## - FUENTE DE LA CATALOGACIÓN |
| Agencia/entidad que catalogó originalmente la obra |
MUNICIPALIDAD PROVINCIAL DEL CUSCO |
| Entidad que transcribió la catalogación |
BIBLIOTECA MUNICIPAL DEL CUSCO |
| 082 ## - NÚMERO DE LA CLASIFICACIÓN DECIMAL DEWEY |
| No. de Clasificación |
346.6 / |
| Notacion interna |
B24 / 1944 |
| 100 ## - ENTRADA PRINCIPAL--NOMBRE DE PERSONA |
| Nombre Personal |
Barandiaran, Jose Leon |
| 245 ## - MENCIÓN DE TÍTULO |
| Título |
Comentarios al código civil peruano (de los contratos) / |
| 260 ## - PUBLICACIÓN, DISTRIBUCIÓN, ETC. |
| Lugar de publicación, distribución, etc. |
Lima : |
| Nombre de la editorial, distribuidor, etc. |
Imprenta Gil, |
| Fecha de publicación, distribución, etc. |
1944. |
| 300 ## - DESCRIPCIÓN FÍSICA |
| Nº de Páginas Extensión |
2 tomos ; |
| Dimensiones |
23 cm. |
| 505 ## - NOTA DE CONTENIDO CON FORMATO |
| Nota de contenido formateada |
Contenido :t.3 : Disposiciones generales -- Delas estipulaciones en favor de terceros -- De las arras -- De la eviccion y el saneamiento -- De las obligaciones provenientes de la voluntad unilateral ... t.4 : De las Personas naturales -- de los registros del estado civil -- de las personas jurídicas. |
| 650 ## - PUNTO DE ACCESO ADICIONAL DE MATERIA--TÉRMINO DE MATERIA |
| Descriptor |
Código civil peruano |
| 9 (RLIN) |
28279 |
| 650 ## - PUNTO DE ACCESO ADICIONAL DE MATERIA--TÉRMINO DE MATERIA |
| Descriptor |
Disposiciones generales |
| 9 (RLIN) |
28280 |
| 650 ## - PUNTO DE ACCESO ADICIONAL DE MATERIA--TÉRMINO DE MATERIA |
| Descriptor |
Contratos |
| 9 (RLIN) |
8317 |
| 650 ## - PUNTO DE ACCESO ADICIONAL DE MATERIA--TÉRMINO DE MATERIA |
| Descriptor |
Operación jurídica |
| 9 (RLIN) |
28281 |
| 942 ## - ELEMENTOS DE PUNTO DE ACCESO ADICIONAL (KOHA) |
| Fuente de clasificación |
|
| Tipo de item |
Libros-BMC |
| 945 ## - PROCESAMIENTO DE INFORMACIÓN LOCAL (OCLC) |
| Catalogador |
wnts |